000 00458nam a2200169Ia 4500
003 LK-CoDNM
008 010623t2002 xxu||||| |||| 00| 1 sin d
040 _aLK-CoDNM
_dLK-CoDNM
_eLK-CoDNM
041 _asin
080 _a159.9 GNA
100 _aGnanasiri,Sugathamuni.
245 _aසිතේ අරුම පුදුම බලය
246 _aSithe Aruma Puduma Balaya
260 _bSooriya
_aColombo
_c2002
300 _b122p., 21 cm
942 _cBK
999 _c122429
_d122429